[Event "Llinars del Valles op-B 8th"]
[Site "Llinars del Valles"]
[Date "2015.05.30"]
[Round "7"]
[White "Kumar Chandnani, Nitin"]
[Black "Ayats Llobera, Quim"]
[Result "1-0"]
[WhiteElo "1718"]
[BlackElo "1781"]
[PlyCount "121"]
[EventDate "2015.04.11"]
[EventType "swiss"]
[EventRounds "9"]
[EventCountry "ESP"]
[SourceTitle "EXT 2016"]
[Source "ChessBase"]
[SourceDate "2015.10.08"]
[SourceVersion "1"]
[SourceVersionDate "2015.10.08"]
[SourceQuality "1"]

1. e4 e6 2. Nf3 d5 3. exd5 exd5 4. Be2 Nf6 5. 0-0 Bg4 6. Re1 Be7 7. h3 Bxf3 8. Bxf3 0-0 9. d4 Re8 10. Nc3 c6 11. Bg5 h6 12. Bf4 Bb4 13. Rxe8+ Qxe8 14. Qd2 Bxc3 15. Qxc3 Nbd7 16. Re1 Ne4 17. Qe3 Nef6 18. Qd2 Ne4 19. Bxe4 dxe4 20. f3 Nf6 21. Be5 Rd8 22. Bxf6 gxf6 23. Rxe4 Qf8 24. Rh4 c5 25. c3 cxd4 26. Rxd4 Rxd4 27. Qxd4 Qe7 28. Qxa7 Qe1+ 29. Kh2 Qe5+ 30. Kh1 Qe1+ 31. Qg1 Qg3 32. Qa1 Qf2 33. a4 f5 34. b4 f4 35. a5 Qa7 36. Qg1 Qa6 37. Kh2 Qg6 38. g4 fxg3+ 39. Qxg3 Kh7 40. Qxg6+ fxg6 41. a6 bxa6 42. c4 Kg7 43. Kg3 Kf7 44. Kg4 h5+ 45. Kf4 Kf6 46. c5 Ke6 47. Kg5 Kd5 48. Kxg6 Kc6 49. f4 Kb5 50. f5 Kxb4 51. c6 a5 52. c7 a4 53. c8Q a3 54. Qa8 Kb3 55. f6 a2 56. f7 a1Q 57. Qxa1 Kc4 58. f8Q Kb3 59. Qc8 Kb4 60. Qb1+ Ka5 61. Qa8# 1-0

[Event "Llinars del Valles op-B 8th"]
[Site "Llinars del Valles"]
[Date "2015.05.02"]
[Round "4"]
[White "Kumar Chandnani, Nitin"]
[Black "De Lomas Busquets, Biel"]
[Result "1/2-1/2"]
[WhiteElo "1718"]
[BlackElo "1805"]
[PlyCount "50"]
[EventDate "2015.04.11"]
[EventType "swiss"]
[EventRounds "9"]
[EventCountry "ESP"]
[SourceTitle "EXT 2016"]
[Source "ChessBase"]
[SourceDate "2015.10.08"]
[SourceVersion "1"]
[SourceVersionDate "2015.10.08"]
[SourceQuality "1"]

1. e4 c5 2. Nf3 Nc6 3. Nc3 g6 4. d3 e6 5. Be3 b6 6. Be2 Bg7 7. Qd2 Nge7 8. 0-0 0-0 9. Rad1 d5 10. Bh6 dxe4 11. Bxg7 exf3 12. Bxf8 fxe2 13. Qxe2 Qxf8 14. Qd2 Bb7 15. Rfe1 Rd8 16. Re2 c4 17. Re3 Qh6 18. Qe2 Qg5 19. Rg3 Qf5 20. dxc4 Rxd1+ 21. Qxd1 Qf4 22. b3 Nf5 23. Ne2 Qe4 24. Nc3 Qe5 25. Rd3 Ncd4 1/2-1/2

[Event "Llinars del Valles op-B 8th"]
[Site "Llinars del Valles"]
[Date "2015.04.11"]
[Round "1"]
[White "Rius Riu, Gerard"]
[Black "Kumar Chandnani, Nitin"]
[Result "1-0"]
[WhiteElo "1859"]
[BlackElo "1718"]
[PlyCount "47"]
[EventDate "2015.04.11"]
[EventType "swiss"]
[EventRounds "9"]
[EventCountry "ESP"]
[SourceTitle "EXT 2016"]
[Source "ChessBase"]
[SourceDate "2015.10.08"]
[SourceVersion "1"]
[SourceVersionDate "2015.10.08"]
[SourceQuality "1"]

1. d4 Nf6 2. c4 g6 3. Nc3 Bg7 4. e4 d6 5. f4 0-0 6. Nf3 Nbd7 7. Bd3 b6 8. 0-0 Bb7 9. e5 dxe5 10. fxe5 Ne8 11. Qe2 e6 12. Bf4 c5 13. d5 Kh8 14. Rad1 Nc7 15. Bc2 Qe8 16. Ba4 f6 17. dxe6 Qxe6 18. Bxd7 Qe7 19. exf6 Qxe2 20. Nxe2 Ne8 21. fxg7+ Nxg7 22. Be5 Kg8 23. Bxg7 Kxg7 24. Ng5 1-0